| 000 | 00708nam a2200181 4500 | ||
|---|---|---|---|
| 001 | 112991 | ||
| 003 | ES-MaACL | ||
| 005 | 20231227200024.0 | ||
| 007 | t| | ||
| 008 | 061121s1942 sp r ||||1| spa d | ||
| 245 | 0 | 0 |
_aNuevos aspectos de Hematología _b: conferencias pronunciadas en Valencia en los meses de octubre, noviembre, diciembre 1941 en el Instituto Médico Valenciano / _cpor los Dres. Prof. C. Jiménez Díaz [et al.]. |
| 260 |
_aMadrid : _bEd. Científico-Médica, _c1942. |
||
| 300 |
_a200 p. : _bil. ; _c25 cm. |
||
| 700 | 1 |
_aJiménez Díaz, Carlos, _d1898-1967 _966515 |
|
| 710 | 2 |
_aInstituto Médico Valenciano. _95130 |
|
| 852 |
_aES-MaACL _jE-1305 _bR.19946 |
||
| 999 |
_c112991 _d112991 |
||